Je záložna spolehlivá jako banka?
Segmenty finančného trhu a postavenie záložní na finančnom trhu v ČR. Zákon Českej republiky o úverových družstvách č. 87/1995 Zb. Hlavné rozdiely medzi bankami a bankovými družstvami. Bezpečnosť a spoľahlivosť záložní. Bankový dohľad a právne predpisy Českej národnej banky.
Salvato in:
| Autore principale: | |
|---|---|
| Natura: | Capitolo di libro |
| Lingua: | ceco |
| Soggetti: | |
| Tags: |
Nessun Tag, puoi essere il primo ad aggiungerne!!
|
MARC
| LEADER | 00000naa a2200000 4500 | ||
|---|---|---|---|
| 001 | 0129106 | ||
| 005 | 20231129094014.2 | ||
| 041 | 0 | |a cze | |
| 044 | |a CZ | ||
| 245 | 1 | 0 | |a Je záložna spolehlivá jako banka? |c Otakar Schlossberger |
| 520 | |a Segmenty finančného trhu a postavenie záložní na finančnom trhu v ČR. Zákon Českej republiky o úverových družstvách č. 87/1995 Zb. Hlavné rozdiely medzi bankami a bankovými družstvami. Bezpečnosť a spoľahlivosť záložní. Bankový dohľad a právne predpisy Českej národnej banky. | ||
| 610 | 2 | 0 | |a Česko |
| 610 | 2 | 0 | |a inštitúcie finančné |
| 610 | 2 | 0 | |a záložne |
| 610 | 2 | 0 | |a ústavy úverové |
| 610 | 2 | 0 | |a družstvá úverové |
| 610 | 2 | 0 | |a ochrana vkladov |
| 610 | 2 | 0 | |a úspory |
| 610 | 2 | 0 | |a pôžičky obyvateľstvu |
| 610 | 2 | 0 | |a dohľad bankový |
| 610 | 2 | 0 | |a zákony |
| 100 | 1 | |a Schlossberger, Otakar | |